|
|
|
|
| LEADER |
00000nam a2200000Ii 4500 |
| 001 |
DIGCUESTA0003 |
| 003 |
NyNyDIG |
| 006 |
m o d |
| 007 |
cr ||||||||||| |
| 008 |
230601s2019 deu o 000 0 spa d |
| 035 |
|
|
|a (OCoLC)1381687713
|
| 040 |
|
|
|a DGITA
|b eng
|e rda
|e pn
|c DGITA
|
| 020 |
|
|
|a 9781588713803
|q eBook
|
| 020 |
|
|
|z 9781588713391
|q (Hb)
|
| 020 |
|
|
|a 9781588713407
|q (Pb)
|
| 050 |
1 |
4 |
|a PQ6411 ebook
|
| 245 |
0 |
0 |
|a Sendebar :
|b libro de los engaños e los asayamientos de las mugeres /
|c edición crítica y estudio de David Arbesú.
|
| 246 |
3 |
0 |
|a Libro de los engaños e los asayamientos de las mugeres
|
| 264 |
|
1 |
|a Newark, Delaware :
|b Juan de la Cuesta,
|c [2019]
|
| 300 |
|
|
|a 1 online resource.
|
| 336 |
|
|
|a text
|b txt
|2 rdacontent
|
| 337 |
|
|
|a computer
|b c
|2 rdamedia
|
| 338 |
|
|
|a online resource
|b cr
|2 rdacarrier
|
| 347 |
|
|
|a text file
|2 rdaft
|
| 347 |
|
|
|b PDF
|
| 490 |
1 |
|
|a Juan de la Cuesta Hispanic monographs. Series Ediciones críticas ;
|v no. 98
|
| 588 |
0 |
|
|a Online resource; title from PDF title page (Digitalia, viewed June 1, 2023)
|
| 630 |
0 |
0 |
|a Book of Sindbad.
|
| 700 |
1 |
|
|a Arbesú-Fernández, David,
|d 1978-
|e editor.
|
| 791 |
2 |
|
|a Digitalia (Firm),
|e distributor.
|
| 793 |
0 |
|
|g Digitalia eBook Collection:
|a Juan de la Cuesta
|
| 776 |
0 |
8 |
|i Print version:
|t Sendebar.
|d Newark, Delaware : Juan de la Cuesta, [2019]
|z 9781588713391
|
| 830 |
|
0 |
|a Juan de la Cuesta Hispanic monographs.
|p Series Ediciones críticas ;
|v no. 98.
|
| 856 |
4 |
0 |
|3 Digitalia Hispánica
|u https://www.digitaliapublishing.com/a/106760/
|
| 910 |
|
|
|a Premium collection: 2023
|